Formula 2 2023 Drivers - Statistics

General Stats
  • This quiz has been taken 180 times
  • The average score is 16 of 22
Answer Stats
Team Country Driver % Correct
DAMS Monaco Arthur Leclerc
94%
ART France Théo Pourchaire
89%
Prema Denmark Frederik Vesti
83%
Prema United Kingdom Oliver Bearman
83%
ART France Victor Martins
83%
Campos India Kush Maini
80%
MP Norway Dennis Hauger
79%
Van Amersfoort Netherlands Richard Verschoor
76%
Rodin Carlin Barbados Zane Maloney
76%
DAMS Japan Ayumu Iwasa
75%
Rodin Carlin Brazil Enzo Fittipaldi
73%
Virtuosi Australia Jack Doohan
70%
Hitech France Isack Hadjar
69%
PHM Israel Roy Nissany
66%
Hitech United States Jak Crawford
65%
MP India Jehan Daruvala
64%
Campos Switzerland Ralph Boschung
63%
Trident Czech Republic Roman Staněk
63%
Virtousi Belgium Amaury Cordeel
58%
Van Amersfoort United States Juan Manuel Correa
57%
Trident France Clément Novalak
56%
PHM United States Brad Benavides
47%
No matching quizzes found
Score Distribution
Percent of People with Each Score
Percentile by Number Answered
Your Score History
You have not taken this quiz